LEADER 05701nam 2200757 450 001 9910139014903321 005 20220620111506.0 010 $a1-118-74281-8 010 $a1-118-74308-3 010 $a1-118-74285-0 035 $a(CKB)2550000001163204 035 $a(EBL)1557275 035 $a(OCoLC)863673296 035 $a(SSID)ssj0001061539 035 $a(PQKBManifestationID)11634197 035 $a(PQKBTitleCode)TC0001061539 035 $a(PQKBWorkID)11111126 035 $a(PQKB)10693135 035 $a(OCoLC)868914793 035 $a(MiAaPQ)EBC1557275 035 $a(DLC) 2013018069 035 $a(Au-PeEL)EBL1557275 035 $a(CaPaEBR)ebr10804847 035 $a(CaONFJC)MIL545342 035 $a(EXLCZ)992550000001163204 100 $a20130423h20142014 uy 0 101 0 $aeng 135 $aur|n|---||||| 181 $ctxt 182 $cc 183 $acr 200 00$aProtein families $erelating protein sequence, structure, and function /$fedited by Christine A. Orengo, Alex Bateman 210 1$aHoboken, New Jersey :$cWiley,$d[2014] 210 4$d©2014 215 $a1 online resource (567 p.) 225 0 $aWiley series in protein and peptide science ;$v10 300 $aIncludes index. 311 $a0-470-62422-1 311 $a1-306-14091-9 327 $aCover; Title Page; Contents; Introduction; Contributors; Part I Concepts Underlying Protein Family Classification; Chapter 1 Automated Sequence-Based Approaches for Identifying Domain Families; 1.1 Introduction; 1.2 Motivation Behind Automated Classification; 1.3 Clustering the Sequence Space Graph; 1.4 Historical Overview of Sequence Clustering Algorithms; 1.5 Related Methods; 1.6 Quality Assessment; 1.7 ADDA-The Automatic Domain Delineation Algorithm; 1.8 Results; 1.9 Conclusions; References; Chapter 2 Sequence Classification of Protein Families: Pfam and other Resources; 2.1 Introduction 327 $a2.2 Pfam2.3 Smart, Prosite Profiles, CDD and Tigrfams; 2.4 Philosophy of Pfam; 2.5 HMMER3 and Jackhmmer; 2.6 Sources of New Families; 2.7 Annotation of Families; 2.8 The InterPro Collection; 2.9 The Future of Sequence Classification; References; Chapter 3 Classifying Proteins into Domain Structure Families; 3.1 Introduction; 3.2 The Classification Hierarchies Adopted by Scop and Cath; 3.3 Challenges in Identifying Domains in Proteins; 3.4 Structure-Based Approaches for Identifying Related Folds and Homologs; 3.5 Approaches to Structure Comparison; 3.6 The DALI Algorithm 327 $a3.7 The SSAP Algorithm Used for Fold Recognition in CATH3.8 Fast Approximate Methods Used to Recognize Folds in CATH; 3.9 Measuring Structural Similarity; 3.10 Multiple Structure Alignment; 3.11 Classification Protocols; 3.12 Population of the Hierarchy; 3.13 Comparisons Between Scop and CATH; 3.14 Hierarchical Classifications Versus Structural Continuum; 3.15 Websites; References; Chapter 4 Structural Annotations of Genomes with Superfamily and Gene3D; 4.1 Introduction; 4.2 The Importance of Being High Throughput; 4.3 The Use of Structural Information; 4.4 Applications; 4.5 History 327 $a4.6 Technology4.7 Hidden Markov Models; 4.8 Building Models; 4.9 Domain Annotations; 4.10 High Throughput Computation; 4.11 Development of New Bioinformatics Algorithms; 4.12 Genomes; 4.13 e-Value Scores; 4.14 Other Sequence Sets; 4.15 Data Access; 4.16 Analysis Tools; 4.17 Conclusion; References; Chapter 5 Phylogenomic Databases and Orthology Prediction; 5.1 The Evolution of Novel Functions and Structures in Gene Families; 5.2 Homologs, Orthologs, Paralogs, and Other Evolutionary Terms; 5.3 The Standard Functional Annotation Protocol; 5.4 Orthology Identification Methods and Databases 327 $a5.5 Challenges in Phylogenetic Methods of Ortholog Identification5.6 Evaluating Ortholog Identification Methods; 5.7 Orthology Databases; 5.8 Phylogenomic Databases; 5.9 PhyloFacts; 5.10 Subfamily Classification in Phylofacts; 5.11 PhyloFacts 3.0; 5.12 PhylomeDB; 5.13 Panther; 5.14 Structural Phylogenomics: Improved Functional Annotation Through Integration of Information from Structure and Evolution; 5.15 Specific Issues in Phylogenomic Pipelines; 5.16 Improving Functional Inference using Information from Protein Structure; 5.17 Example Case Studies; 5.18 Review of Key Points; References 327 $aPart II In-Depth Reviews of Protein Families 330 $a"This book describes approaches for recognizing and classifying proteins into families of evolutionary related proteins. Reviewing all the major resources for classifying protein families, the book combines descriptions of general philosophies of protein family classification systems with detailed descriptions and examples of selected families found in different biological systems. Scientists in diverse areas of biology and protein science will learn how to use the various resources and databases and gain valuable insight into how proteins evolve and how new functional repertoires emerge"--$cProvided by publisher. 410 0$aWiley Series in Protein and Peptide Science 606 $aProteins 606 $aProteomics 606 $aMolecular biology$xData processing 606 $aBioinformatics 615 0$aProteins. 615 0$aProteomics. 615 0$aMolecular biology$xData processing. 615 0$aBioinformatics. 676 $a572/.6 686 $aCOM082000$2bisacsh 701 $aOrengo$b Christine A.$f1955-$0961782 701 $aBateman$b Alex$f1972-$0961783 801 0$bMiAaPQ 801 1$bMiAaPQ 801 2$bMiAaPQ 906 $aBOOK 912 $a9910139014903321 996 $aProtein families$92180400 997 $aUNINA LEADER 03587nas 2200613 n 450 001 990008968540403321 005 20240229084534.0 011 $a0017-0216 035 $a000896854 035 $aFED01000896854 035 $a(Aleph)000896854FED01 035 $a000896854 091 $2CNR$aP 00010715 100 $a20161109b19211987km-y0itaa50------ba 101 0 $aita 102 $aIT 110 $aauu-------- 200 1 $aGiornale della libreria 207 1$a1921-1987 210 $aMilano$cAssociazione italiana editori 430 0$12001$aGiornale della libreria, della tipografia e delle arti ed industrie affini 440 0$1001000896633$12001$aGdL. Giornale della Libreria 530 0 $aGiornale della libreria 675 $a016 675 $a014 675 $a02 675 $a655 712 02$aAssociazione italiana editori 801 0$aIT$bACNP$c20090723 859 4 $uhttp://acnp.cib.unibo.it/cgi-ser/start/it/cnr/dc-p1.tcl?catno=4962&person=false&language=ITALIANO&libr=&libr_th=unina1$zBiblioteche che possiedono il periodico 901 $aSE 912 $a990008968540403321 958 $aBiblioteca del Dipartimento Analisi dei Processi ELPT. Sezione Linguistica dell'Universitą Federico II$b1982-1986;$c1983-1986;$fDECLI 958 $aBiblioteca. Dipartimento di Economia dell'Universitą Federico II - Sez. II$b1986-1987.$fSES 958 $aBiblioteca della Facoltą di Economia Complesso Universitario Monte S. Angelo- Universitą degli Studi di Napoli "Federico II"$b1962-1976;$c1962-1963;1966-1967;1969;1976;$fDECBC 958 $aBRAU. Biblioteca di Ricerca di Area Umanistica$bDOPPIO PROVENIENTE DA NA071 1979-1987.$c1979-1980;$eSP - Per. it. estinto 108$fFLFBC 958 $aBRAU. Biblioteca di Ricerca di Area Umanistica$b1968-1969;1984-1987.$c1968-1969;1984;$eITALIA 395$fFLFBC 958 $aBiblioteca Centrale "F. Gasparini". Facoltą di Ingegneria. Universitą degli Studi di Napoli "Federico II"$b1968-1970;1975-1987.$eXVf1$fFINBC FINAG 959 $aDECLI 959 $aSES 959 $aDECBC 959 $aFLFBC 959 $aFLFBC 959 $aFINBC 959 $aFINAG 996 $aGiornale della libreria$9649862 997 $aUNINA AP1 8 $6866-01$aNA034 Biblioteca del Dipartimento Analisi dei Processi ELPT. Sezione Linguistica dell'Universitą Federico II$ev. Cintia-Complesso Universitario Monte, Napoli (NA)$m(081) 675268$m(081) 675270$nit AP1 8 $6866-02$aNA037 Biblioteca. Dipartimento di Economia dell'Universitą Federico II - Sez. II$eVia Cinthia, 45 - Monte S. Angelo, 80126 Napoli (NA)$m(081) 675016/675025$m081/675014$nit AP1 8 $6866-03$aNA042 Biblioteca della Facoltą di Economia Complesso Universitario Monte S. Angelo- Universitą degli Studi di Napoli "Federico II"$evia Cinthia,26, 80126 Napoli (NA)$m081676647-0816782$m081676684$nit AP1 8 $6866-04$aNA072 BRAU. Biblioteca di Ricerca di Area Umanistica$bSP - Per. it. estinto 108$ePiazza Bellini 56/60, 80133 Napoli (NA)$m(081) 2533948$nit AP1 8 $6866-05$aNA072 BRAU. Biblioteca di Ricerca di Area Umanistica$bITALIA 395$ePiazza Bellini 56/60, 80133 Napoli (NA)$m(081) 2533948$nit AP1 8 $6866-06$aNA104 Biblioteca Centrale "F. Gasparini". Facoltą di Ingegneria. Universitą degli Studi di Napoli "Federico II"$bXVf1$ep.le Tecchio,80, 80125 Napoli (NA)$m0817682190;0817682195$m0817682188$nit AP2 40$aacnp.cib.unibo.it$nACNP Italian Union Catalogue of Serials$uhttp://acnp.cib.unibo.it/cgi-ser/start/it/cnr/df-p.tcl?catno=4962&language=ITALIANO&libr=&person=&B=1&libr_th=unina&proposto=NO